| 000 | 00493nam a2200157Ia 4500 | ||
|---|---|---|---|
| 008 | 240729s9999 xx 000 0 und d | ||
| 022 | _a1821-2808 | ||
| 245 | 0 | _aZbornik Radova: Geografski institut "Jovan Cvijić" | |
| 260 | _aSerbia | ||
| 260 | _bGeographical Institute "Jovan Cvijić" SASA | ||
| 650 | _a Geography (General) | ||
| 650 | _aGeography. Anthropology. Recreation | ||
| 856 | _uhttps://doaj.org/toc/ef7969c0c24d4b47ad50b576b6c39006 | ||
| 942 | _2ddc | ||
| 942 | _cDOAJEJ | ||
| 999 |
_c67048 _d67048 |
||
| 945 |
_a1 _bMadushi Gamage _c1 _dMadushi Gamage |
||